[Event "Lancaran op-A"]
[Site "Lancaran"]
[Date "2025.07.12"]
[Round "8"]
[White "Abbasov, Amil Habil Oglu"]
[Black "Tiwari, Shivansh"]
[Result "0-1"]
[WhiteElo "2076"]
[BlackElo "1954"]
[PlyCount "80"]
[EventDate "2025.07.07"]
[EventType "swiss"]
[EventRounds "9"]
[EventCountry "AZE"]
[SourceTitle "CB29_2025"]
[SourceDate "2025.07.16"]
[SourceVersion "1"]
[SourceVersionDate "2025.07.16"]
[SourceQuality "1"]

1. d4 d5 2. c4 e6 3. Nf3 Nf6 4. Nc3 c6 5. e3 Nbd7 6. Bd3 dxc4 7. Bxc4 b5 8. Bd3 a6 9. a4 b4 10. Ne4 Bb7 11. 0-0 Nxe4 12. Bxe4 Nf6 13. Bd3 c5 14. Bd2 cxd4 15. exd4 Be7 16. Be3 0-0 17. Rc1 Rc8 18. Qe2 Qa5 19. b3 Nd5 20. Ne5 Nc3 21. Qg4 f5 22. Qh3 Bd5 23. Nc4 Bxc4 24. bxc4 g6 25. Bh6 Rfe8 26. g4 Bf6 27. gxf5 exf5 28. d5 b3 29. Bd2 Ne2+ 30. Bxe2 Qxd2 31. Bd3 b2 32. Rcd1 Qc3 33. Qg2 Kh8 34. d6 Red8 35. Qb7 Be5 36. Be2 Qh3 37. f4 Qe3+ 38. Kh1 Rb8 39. Qe7 Qe4+ 40. Kg1 Bd4+ 0-1

[Event "Lancaran op-A"]
[Site "Lancaran"]
[Date "2025.07.11"]
[Round "6"]
[White "Huseynova, Lala"]
[Black "Tiwari, Shivansh"]
[Result "0-1"]
[WhiteElo "2045"]
[BlackElo "1954"]
[PlyCount "140"]
[EventDate "2025.07.07"]
[EventType "swiss"]
[EventRounds "9"]
[EventCountry "AZE"]
[SourceTitle "CB29_2025"]
[SourceDate "2025.07.16"]
[SourceVersion "1"]
[SourceVersionDate "2025.07.16"]
[SourceQuality "1"]

1. e4 c6 2. d4 d5 3. Nc3 dxe4 4. Nxe4 Bf5 5. Ng3 Bg6 6. Nf3 e6 7. h4 h6 8. Ne5 Bh7 9. Bd3 Bxd3 10. Qxd3 Nd7 11. Bf4 Qa5+ 12. c3 Nxe5 13. Bxe5 Rd8 14. Qc2 Nf6 15. Ne2 Nd7 16. Bg3 Be7 17. Qb3 Qa6 18. Nf4 c5 19. Ne2 0-0 20. Qc2 cxd4 21. Nxd4 Bf6 22. Qe2 Bxd4 23. cxd4 Qa5+ 24. Qd2 Qb5 25. Qe2 Qd5 26. 0-0 Rc8 27. Rfc1 Rc6 28. Rxc6 Qxc6 29. Bf4 Qd5 30. Rc1 Qxd4 31. Be3 Qe5 32. Qd2 Nf6 33. Bxa7 Nd5 34. Bd4 Qe4 35. g3 Rd8 36. Bc3 Rc8 37. b3 Qf3 38. Bb2 Rxc1+ 39. Qxc1 Qd3 40. Qc8+ Kh7 41. Qc4 Qxc4 42. bxc4 Nb6 43. c5 Nd7 44. Bd4 e5 45. Be3 Kg6 46. a4 Nb8 47. Kg2 Kf5 48. Kf3 Ke6 49. g4 Kd5 50. h5 Nd7 51. Kg3 Nxc5 52. a5 Ne6 53. f3 Kc4 54. Bd2 Nd4 55. Kf2 Ne6 56. Ke3 Kd5 57. Kf2 Kd4 58. Kg3 Kd3 59. Bb4 Ke3 60. Bd6 Kd4 61. Bb4 Kd5 62. Bd2 e4 63. f4 Kd4 64. f5 Nf8 65. f6 gxf6 66. Bxh6 Nh7 67. Kf4 Kd3 68. Bg7 e3 69. Bxf6 Nxf6 70. Kf5 Ng8 0-1

[Event "Lancaran op-A"]
[Site "Lancaran"]
[Date "2025.07.09"]
[Round "4"]
[White "Musayev, Eldar"]
[Black "Tiwari, Shivansh"]
[Result "0-1"]
[WhiteElo "2106"]
[BlackElo "1954"]
[PlyCount "66"]
[EventDate "2025.07.07"]
[EventType "swiss"]
[EventRounds "9"]
[EventCountry "AZE"]
[SourceTitle "CB29_2025"]
[SourceDate "2025.07.16"]
[SourceVersion "1"]
[SourceVersionDate "2025.07.16"]
[SourceQuality "1"]

1. c4 c6 2. b3 d5 3. Bb2 Nf6 4. Nf3 e6 5. e3 Nbd7 6. d4 Ne4 7. Bd3 f5 8. Nc3 Bd6 9. Qc2 a5 10. 0-0-0 Ndf6 11. Ne1 a4 12. f3 axb3 13. axb3 Nxc3 14. Bxc3 0-0 15. g4 dxc4 16. bxc4 Ba3+ 17. Kd2 fxg4 18. f4 b5 19. h3 g3 20. Nf3 bxc4 21. Bxc4 Qe7 22. Rhg1 Ba6 23. Bb3 Bb4 24. Ng5 Bxc3+ 25. Kxc3 Kh8 26. e4 Rfb8 27. Kb2 h6 28. e5 hxg5 29. exf6 Qxf6 30. Rxg3 Qxf4 31. Rg4 Qe3 32. Rdg1 Rxb3+ 33. Qxb3 Qd2+ 0-1

[Event "Lancaran op-A"]
[Site "Lancaran"]
[Date "2025.07.07"]
[Round "1"]
[White "Tiwari, Shivansh"]
[Black "Atakishiyev, Elmar"]
[Result "1/2-1/2"]
[WhiteElo "1954"]
[BlackElo "2388"]
[PlyCount "65"]
[EventDate "2025.07.07"]
[EventType "swiss"]
[EventRounds "9"]
[EventCountry "AZE"]
[SourceTitle "CB29_2025"]
[SourceDate "2025.07.16"]
[SourceVersion "1"]
[SourceVersionDate "2025.07.16"]
[SourceQuality "1"]

1. d4 e6 2. Nf3 c5 3. c3 d5 4. Bf4 Bd6 5. Bg3 Nf6 6. e3 Qc7 7. Ne5 0-0 8. Nd2 Nc6 9. Nxc6 Qxc6 10. Bd3 b6 11. 0-0 Bxg3 12. hxg3 Bb7 13. Qe2 Rac8 14. a4 Qc7 15. Ba6 Bxa6 16. Qxa6 c4 17. Rfe1 Rfd8 18. Reb1 Ne8 19. a5 Nd6 20. axb6 axb6 21. b3 b5 22. bxc4 bxc4 23. Qb6 Qe7 24. Ra7 Qe8 25. Qa6 Rc6 26. Qa4 f6 27. f3 Rdc8 28. e4 R6c7 29. Qxe8+ Nxe8 30. Ra5 Rd8 31. Kf2 Kf7 32. exd5 exd5 33. Ke3 1/2-1/2

[Event "Sheki op-A"]
[Site "Sheki"]
[Date "2025.06.23"]
[Round "6"]
[White "Tiwari, Shivansh"]
[Black "Khanalizade, Elgun"]
[Result "1-0"]
[WhiteElo "1936"]
[BlackElo "1802"]
[PlyCount "71"]
[EventDate "2025.06.19"]
[EventType "swiss"]
[EventRounds "9"]
[EventCountry "AZE"]
[SourceTitle "CB27_2025"]
[SourceDate "2025.07.02"]
[SourceVersion "1"]
[SourceVersionDate "2025.07.02"]
[SourceQuality "1"]

1. d4 Nf6 2. Bg5 e6 3. Nd2 h6 4. Bh4 d5 5. e3 Be7 6. Bd3 0-0 7. Ngf3 c5 8. c3 Nc6 9. Rg1 cxd4 10. exd4 Nd7 11. Bg3 Bf6 12. Qe2 a6 13. Ne5 Bxe5 14. dxe5 Nc5 15. Bb1 b5 16. Nb3 Nxb3 17. axb3 Bb7 18. Bf4 f5 19. g4 Qh4 20. Bc2 g5 21. 0-0-0 gxf4 22. gxf5+ Kf7 23. Rg4 Qxh2 24. fxe6+ Ke8 25. Rg7 Ne7 26. Qg4 Qxf2 27. Rxe7+ Kxe7 28. Qg7+ Kxe6 29. Qxh6+ Kxe5 30. Rh1 Rf6 31. Rh5+ Ke6 32. Bf5+ Ke5 33. Bg4+ Ke4 34. Qh7+ Rf5 35. Qxf5+ Ke3 36. Qe5+ 1-0

[Event "Sheki op-A"]
[Site "Sheki"]
[Date "2025.06.22"]
[Round "5"]
[White "Musaev, Eldar Elman"]
[Black "Tiwari, Shivansh"]
[Result "1-0"]
[WhiteElo "2092"]
[BlackElo "1936"]
[PlyCount "131"]
[EventDate "2025.06.19"]
[EventType "swiss"]
[EventRounds "9"]
[EventCountry "AZE"]
[SourceTitle "CB27_2025"]
[SourceDate "2025.07.02"]
[SourceVersion "1"]
[SourceVersionDate "2025.07.02"]
[SourceQuality "1"]

1. a3 d5 2. c4 dxc4 3. Qa4+ Nd7 4. Qxc4 e5 5. g3 Ngf6 6. Bg2 c6 7. Nf3 Bd6 8. 0-0 0-0 9. d3 a5 10. b3 Nc5 11. Nbd2 Re8 12. Rb1 h6 13. Qc2 Bf5 14. b4 axb4 15. axb4 Ncd7 16. Nc4 Bc7 17. Nfd2 Qe7 18. Ne4 Nxe4 19. dxe4 Be6 20. Be3 Bxc4 21. Qxc4 Bb6 22. Bd2 Qe6 23. Qxe6 Rxe6 24. Rfd1 Nf8 25. Bc3 Ra3 26. Rbc1 Ra2 27. Bf3 Re8 28. Rd6 Bc7 29. Rd3 f6 30. Rcd1 Raa8 31. Bg4 Kf7 32. Bd2 Red8 33. Be3 Rxd3 34. Rxd3 Ke8 35. Bc5 Rd8 36. Ra3 Bd6 37. Bxd6 Rxd6 38. Ra7 b5 39. Rxg7 Rd4 40. Bh5+ Kd8 41. Rf7 Nd7 42. Bg4 Nb8 43. Rxf6 Rxb4 44. Rxh6 Rb1+ 45. Kg2 b4 46. Rh7 Na6 47. Rd7+ Ke8 48. Ra7 Ra1 49. Bd7+ Kf8 50. Bxc6 b3 51. Rb7 Rb1 52. Bd5 Nc5 53. Rb5 b2 54. Ba2 Rc1 55. Rxb2 Nxe4 56. h4 Nc3 57. Bb3 Re1 58. Bc4 e4 59. g4 Kg7 60. h5 Kh6 61. Rb6+ Kg5 62. Rg6+ Kh4 63. h6 Nd1 64. h7 Ne3+ 65. fxe3 Rxe2+ 66. Kf1 1-0

[Event "Sheki op-A"]
[Site "Sheki"]
[Date "2025.06.21"]
[Round "4"]
[White "Tiwari, Shivansh"]
[Black "Berdashkevich, Makar"]
[Result "1-0"]
[WhiteElo "1936"]
[BlackElo "1816"]
[PlyCount "65"]
[EventDate "2025.06.19"]
[EventType "swiss"]
[EventRounds "9"]
[EventCountry "AZE"]
[SourceTitle "CB27_2025"]
[SourceDate "2025.07.02"]
[SourceVersion "1"]
[SourceVersionDate "2025.07.02"]
[SourceQuality "1"]

1. d4 Nf6 2. Bg5 e6 3. Nd2 h6 4. Bh4 d5 5. e3 c5 6. c3 Nc6 7. Ngf3 Bd7 8. Bd3 Qb6 9. Rb1 Be7 10. Ne5 Nxe5 11. dxe5 Ng8 12. Bg3 0-0-0 13. c4 Bc6 14. 0-0 f5 15. Qc2 h5 16. h3 h4 17. Bh2 Nh6 18. Rfc1 d4 19. e4 f4 20. b4 cxb4 21. c5 Qc7 22. Nc4 Bxc5 23. Bxf4 Nf7 24. Nd6+ Rxd6 25. Qxc5 Rd7 26. Qxa7 Kd8 27. Rxb4 g5 28. Bh2 g4 29. hxg4 h3 30. Bb5 hxg2 31. Bxc6 bxc6 32. Rb8+ Ke7 33. Qc5+ 1-0

[Event "IND-chT 44th"]
[Site "Ahmedabad"]
[Date "2025.03.08"]
[Round "6.1"]
[White "Tiwari, Shivansh"]
[Black "Darsh, Ilwadi"]
[Result "1/2-1/2"]
[WhiteElo "1970"]
[BlackElo "1622"]
[PlyCount "66"]
[EventDate "2025.03.05"]
[EventType "team-swiss"]
[EventRounds "9"]
[EventCountry "IND"]
[SourceTitle "CB12_2025"]
[SourceDate "2025.03.19"]
[SourceVersion "1"]
[SourceVersionDate "2025.03.19"]
[SourceQuality "1"]
[WhiteTeam "Madhya Pradesh"]
[BlackTeam "Delhi II"]
[WhiteTeamCountry "IND"]
[BlackTeamCountry "IND"]

1. d4 d5 2. Bf4 e6 3. e3 c6 4. Nd2 f5 5. Ngf3 Nf6 6. Bd3 Bd6 7. Ne5 0-0 8. h3 Ne4 9. Qe2 Nd7 10. Bxe4 Bxe5 11. Bxf5 Bxf4 12. Bxe6+ Kh8 13. exf4 Re8 14. f5 Nf8 15. 0-0-0 Bxe6 16. fxe6 Nxe6 17. Qg4 Qb6 18. Nf3 Qc7 19. Rhe1 Qf4+ 20. Kb1 Qf6 21. Re5 g6 22. Rde1 Ng7 23. a3 Rxe5 24. dxe5 Qe7 25. Qg5 Re8 26. Qxe7 Rxe7 27. c3 Ne6 28. h4 Kg7 29. Ng5 Nf4 30. g3 Nd3 31. Re2 Rxe5 32. Rxe5 Nxe5 33. Ne6+ Kf6 1/2-1/2

[Event "Meghalaya op 1st"]
[Site "Shillong"]
[Date "2023.12.20"]
[Round "10"]
[White "Santu, Mondal"]
[Black "Tiwari, Shivansh"]
[Result "1/2-1/2"]
[WhiteElo "2013"]
[BlackElo "1866"]
[PlyCount "30"]
[EventDate "2023.12.13"]
[EventType "swiss"]
[EventRounds "10"]
[EventCountry "IND"]
[SourceTitle "CBM 217 Extra"]
[Source "ChessBase"]
[SourceDate "2024.01.31"]
[SourceVersion "1"]
[SourceVersionDate "2024.01.31"]
[SourceQuality "1"]

1. d4 d5 2. Nf3 Nf6 3. c4 e6 4. g3 dxc4 5. Bg2 Nc6 6. 0-0 Rb8 7. a4 a6 8. e3 b5 9. axb5 axb5 10. b3 cxb3 11. Qxb3 Be7 12. Rd1 Rb7 13. Re1 Rb8 14. Rd1 Rb7 15. Re1 Rb8 1/2-1/2

[Event "Meghalaya op 1st"]
[Site "Shillong"]
[Date "2023.12.14"]
[Round "3"]
[White "Tiwari, Shivansh"]
[Black "Pantsulaia, Levan"]
[Result "0-1"]
[WhiteElo "1866"]
[BlackElo "2561"]
[PlyCount "74"]
[EventDate "2023.12.13"]
[EventType "swiss"]
[EventRounds "10"]
[EventCountry "IND"]
[SourceTitle "CBM 217 Extra"]
[Source "ChessBase"]
[SourceDate "2024.01.31"]
[SourceVersion "1"]
[SourceVersionDate "2024.01.31"]
[SourceQuality "1"]

1. d4 c5 2. d5 g6 3. c4 Bg7 4. Nc3 Bxc3+ 5. bxc3 f5 6. h4 Nf6 7. Qd3 d6 8. Nf3 Nbd7 9. Bf4 Qa5 10. Nd2 Ne5 11. Qc2 Bd7 12. e3 0-0-0 13. Be2 h6 14. Rb1 Kb8 15. Nb3 Qc7 16. Qb2 b6 17. a4 Bxa4 18. Qa2 Bxb3 19. Rxb3 g5 20. Bxe5 dxe5 21. Ra3 e4 22. Kd2 e6 23. Ra1 Rh7 24. Ke1 exd5 25. cxd5 Rxd5 26. Bc4 Rd6 27. Ra6 f4 28. Qe2 Qd8 29. Qa2 fxe3 30. fxe3 Qe7 31. Qf2 Qe5 32. R1a3 Rhd7 33. Be2 Qh2 34. Ra1 Qxh4 35. g3 Qh1+ 36. Bf1 Qf3 37. R6a2 Rd1+ 0-1

[Event "Bhubaneswar op-A 13th"]
[Site "Bhubaneswar"]
[Date "2022.05.23"]
[Round "2"]
[White "Tiwari, Shivansh"]
[Black "Rohit, Krishna S"]
[Result "0-1"]
[WhiteElo "1838"]
[BlackElo "2337"]
[PlyCount "98"]
[EventDate "2022.05.22"]
[EventType "swiss"]
[EventRounds "10"]
[EventCountry "IND"]
[SourceTitle "CBM 208 Extra"]
[Source "ChessBase"]
[SourceDate "2022.07.31"]
[SourceVersion "1"]
[SourceVersionDate "2022.07.31"]
[SourceQuality "1"]

1. d4 Nf6 2. Bg5 d5 3. Bxf6 exf6 4. e3 b6 5. Bd3 Bb7 6. Nd2 c5 7. Qf3 g6 8. Ne2 f5 9. c3 Bh6 10. h4 Nd7 11. h5 Nf6 12. hxg6 hxg6 13. 0-0-0 Qe7 14. Rh3 Bg7 15. Rxh8+ Bxh8 16. Rh1 Bg7 17. Qf4 Ne4 18. g4 fxg4 19. Nxe4 dxe4 20. Bb5+ Kf8 21. Qxg4 Bd5 22. Kb1 a6 23. Ba4 Be6 24. Qg2 cxd4 25. Nxd4 Bc4 26. Bc2 Re8 27. Rd1 b5 28. Bb3 Bd3+ 29. Bc2 Bxc2+ 30. Nxc2 a5 31. Qg4 b4 32. Nd4 bxc3 33. Qe2 cxb2 34. Qxb2 Kg8 35. Qb5 Ra8 36. Rc1 Qd8 37. Nc6 Qf6 38. Nd4 Qxf2 39. Qb7 Rf8 40. Qb3 Bxd4 41. exd4 Qxd4 42. Rc6 Kg7 43. Qc3 Qxc3 44. Rxc3 f5 45. Kc1 f4 46. Kd2 e3+ 47. Ke2 f3+ 48. Kf1 e2+ 49. Kf2 Re8 0-1

[Event "Bhopal op"]
[Site "Bhopal"]
[Date "2019.12.26"]
[Round "8"]
[White "Rathneesh, R."]
[Black "Tiwari, Shivansh"]
[Result "1-0"]
[WhiteElo "2006"]
[BlackElo "1770"]
[PlyCount "89"]
[EventDate "2019.12.21"]
[EventType "swiss"]
[EventRounds "10"]
[EventCountry "IND"]
[SourceTitle "CBM 194 Extra"]
[Source "ChessBase"]
[SourceDate "2020.03.31"]
[SourceVersion "1"]
[SourceVersionDate "2020.03.31"]
[SourceQuality "1"]

1. c4 Nf6 2. g3 e6 3. Bg2 d5 4. Nf3 c6 5. 0-0 Nbd7 6. b3 Bd6 7. Bb2 0-0 8. d4 a5 9. Nc3 Re8 10. Qc2 b6 11. e4 dxe4 12. Nxe4 Nxe4 13. Qxe4 Bb7 14. a4 Qc7 15. Rad1 Rad8 16. Qc2 e5 17. dxe5 Nxe5 18. Ng5 Ng6 19. Ne4 Be5 20. Bxe5 Nxe5 21. Rxd8 Rxd8 22. Rd1 Rxd1+ 23. Qxd1 c5 24. Nc3 Bxg2 25. Kxg2 Qc6+ 26. Nd5 Nd7 27. f3 Qd6 28. Qd3 Nf6 29. Qf5 Nxd5 30. cxd5 Kf8 31. f4 g6 32. Qe5 Qxe5 33. fxe5 Ke7 34. Kf3 Kd7 35. Ke4 Ke7 36. g4 h6 37. Kd3 Kd7 38. Ke4 Ke7 39. h4 f6 40. d6+ Ke6 41. exf6 Kxd6 42. g5 hxg5 43. hxg5 b5 44. axb5 c4 45. bxc4 1-0

[Event "Bhopal op"]
[Site "Bhopal"]
[Date "2019.12.25"]
[Round "7"]
[White "Tiwari, Shivansh"]
[Black "Nguyen, Van Huy"]
[Result "0-1"]
[WhiteElo "1770"]
[BlackElo "2457"]
[PlyCount "62"]
[EventDate "2019.12.21"]
[EventType "swiss"]
[EventRounds "10"]
[EventCountry "IND"]
[SourceTitle "CBM 194 Extra"]
[Source "ChessBase"]
[SourceDate "2020.03.31"]
[SourceVersion "1"]
[SourceVersionDate "2020.03.31"]
[SourceQuality "1"]

1. d4 Nf6 2. Bf4 g6 3. Nc3 d5 4. e3 c6 5. a3 Bg7 6. Nf3 0-0 7. Be2 Bg4 8. h3 Bxf3 9. Bxf3 Nbd7 10. 0-0 Re8 11. b4 e5 12. Bh2 exd4 13. exd4 Ne4 14. Qd3 Nxc3 15. Qxc3 Qb6 16. Rfd1 a5 17. Rab1 axb4 18. axb4 Qb5 19. Bd6 Re6 20. Bg3 h5 21. Bf4 Bf8 22. Re1 Rae8 23. Rxe6 Rxe6 24. Qd2 Nb6 25. c3 Nc4 26. Qa2 Bd6 27. Bxd6 Nxd6 28. Qd2 Qa4 29. Re1 Nc4 30. Qc1 Qa3 31. Qxa3 Rxe1+ 0-1